| 000 | 00430nam a22001457a 4500 | ||
|---|---|---|---|
| 008 | 250617b |||||||| |||| 00| 0 eng d | ||
| 020 | _a9789789353590 | ||
| 050 |
_aHD 1437 _b.A 43 |
||
| 100 | _aAgbola Abolade Isaac | ||
| 245 | _aAgricultural Finance: A Practical Guide for Lenders and Entrepreneurs | ||
| 260 |
_aYaba, Lagos _bThe CIBN Press limited _c2014 |
||
| 300 | _a301p | ||
| 650 | _aAgriculture- Finance | ||
| 942 | _cBK | ||
| 999 |
_c3860 _d3860 |
||